Ligue 1 Teams - Statistics

General Stats
  • This quiz has been taken 26 times
    10 since last reset
  • The average score is 11 of 18
Answer Stats
Hint Answer % Correct
F.C. Lyon
100%
F.C. Marseille
100%
F.C. PSG
100%
F.C. Lille
86%
F.C. Monaco
86%
F.C.. Nantes
86%
F.C. Strasbourg
86%
F.C. Brest
71%
F.C. Lens
71%
F.C. Nice
71%
F.C. Toulouse
71%
F.C. Paris
57%
F.c. Angers
43%
F.C. Auxerre
43%
F.C. Lorient
29%
F.C. Metz
29%
F.C. Le Harve
0%
F.C. Rennais
0%
No matching quizzes found
Score Distribution
Percent of People with Each Score
Percentile by Number Answered
Your Score History
You have not taken this quiz since the last reset